01804nam a2200325Ia 4500001000600000003000900006008004100015040001300056040001300069041001300082100001100095100002900106245005000135245005000185250001100235260001200246260001400258260004900272300004100321500074600362650001501108650003101123700002301154700002901177942000701206957000601213999001701219999000601236952023601242D1982IT-RoPAU130308s9999 xx 000 0 und d aIT-RoPAU cIT-RoPAU aITALIANO aAA.VV. gCodice Aut. SPICS: 12000 aSensi e discorso - l'estetica nella semiotica bSensi e Discorso - L'Estetica nella Semiotica a1a ed. aBOLOGNA bEsculapio c1995 [1° Ed.:1995 - Ed.Ling.Originale:1995] a"220 p. (prefazione: 8; testo: 212)" aDescrizione dell'Esperienza Estetica Attraverso gli Strumenti della Semiotica Come Esperienza Anzitutto Estetica. Un Gesto Teorico che Pone L'Estetica nella Semiotica O, Piu' Precisamente, che Inserisce un certo numero di Questioni Tradizionalmente Dibattute Dalla Teoria Estetica All'Interno della Ricerca Semiotica di Orientamento Strutturale e Generativo. Saggi di Autorivari che Mostrano Come nella Costruzione del Discorso Giochino un ruolo Diprimo piano I Diversi Apparati Sensoriali: Vista, Gusto, Tatto, Ecc. Introduzione di Gianfranco Marrone: Verità€ della Berma, Incastro Disciplinare, dal Senso Ai Sensi, presa Estetica, Frattura e Origine, per una Tipologia delle Prese Estetiche, Introduzione Ai Saggi del Libro. Bibliografia. aSEMIOLOGIA eCodice materia Spics: 3251 aMarrone Gianfranco gCodice Aut. SPICS: 35715 cBK 71 c88176d88176 g1 0010406D_000000000000000_198271aSPICSbSPICSd2013-03-08l0oD1982r2013-03-08 00:00:00w2013-03-08yBKzProgressivo inserimento: 5971 / N. Volumi: 1 Copie: 1 / data import: 1 marzo 2013 - By Epidotti, Trombetti, Vaglietti.